Livide : herencia maldita = Livid /

Guardado en:
Detalles Bibliográficos
Autor principal: Bustillo, Alexandre (realización)
Otros autores: Maury, Julien (realización) (realización), Bustillo, Alexandre (guión) (guión), Maury, Julien (guión) (guión), Barès, Laurent (fotógrafo) (fotógrafo), Rapin, Martine (vestuario) (vestuario), Baxter (montaje) (montaje), Gesqua, Raphaël (música) (música), Coulloud, Chloé (actuación) (actuación), Moati, Félix (actuación) (actuación), Kapone, Jérémy (actuación) (actuación)
Formato: Audiovisual
Idioma:Francés
Colección:(Collector's Edition ZD)
Temas:
Etiquetas: Agrega una etiqueta
Sin etiquetas, Sé el primero en etiquetar este registro!

MARC

LEADER 00000ngm^a2200000^a^4500
001 000447575
005 20250521000000.0
009 20260310123636.292
037 |a Acervo ITESO - Biblioteca 
041 |a FRA 
082 |a 810.  |b BUS 
100 |a Bustillo, Alexandre  |e (realización) 
245 1 0 |a Livide :  |b herencia maldita = Livid /  |c Realización de A. Bustillo, J. Maury. 
264 2 |a México :  |b Zatmeni [distribución],  |c copyright fecha no identificada 
300 |a 1 DVD regiones 1 y 4 (88 min.) :  |b color 
336 |a imagen móvil bidimensional  |b tdi  |2 rdacontenido 
337 |a video  |b v  |2 rdamedio 
338 |a videodisco  |b vd  |2 rdasoporte 
440 1 |a (Collector's Edition ZD) 
546 |a En francés, con subtítulos opcionales: español 
649 |a XX 
650 |a Vampiros en el Cine 
650 |a Seres Fantásticos en el Cine 
650 |a Películas de Suspenso y Terror 
650 |a Cine Fantástico 
650 |a Cine Francés -  |y 2010-2019 
650 |a Cine Francés -  |y Siglo XXI 
650 |a Lo Sobrenatural 
650 |a Supervivencia 
700 |a Maury, Julien  |e (realización) 
700 |a Bustillo, Alexandre  |e (guión) 
700 |a Maury, Julien  |e (guión) 
700 |a Barès, Laurent  |e (fotógrafo) 
700 |a Rapin, Martine  |e (vestuario) 
700 |a Baxter  |e (montaje) 
700 |a Gesqua, Raphaël  |e (música) 
700 |a Coulloud, Chloé  |e (actuación) 
700 |a Moati, Félix  |e (actuación) 
700 |a Kapone, Jérémy  |e (actuación) 
910 |a Fondo General 
920 |a Audiovisuales - DVDs 
940 |a Películas 
905 |a 302 
901 |a 0500373543  |b IT2  |c DVS  |i C156088  |u 20250521 
902 |a https://opac.biblio.iteso.mx/vufind/Record/000447575